Cálculo simplificado de estructuras de acero

Bewaard in:
Bibliografische gegevens
Hoofdauteur: Parker, Harry (autor)
Formaat: Boek
Taal:Spaans
Gepubliceerd in: Bilbao Urmo 1971
Onderwerpen:
Tags: Voeg label toe
Geen labels, Wees de eerste die dit record labelt!

MARC

LEADER 00000nam a2200000 a 4500
001 UCU5903
003 CL-VaPUC
008 960614e19710000SP |||||||||||||||||spa|d
082 0 4 |a 624.182  |b PAR  |2 21 
100 |a Parker, Harry  |e autor  |9 299857 
245 1 0 |a Cálculo simplificado de estructuras de acero 
300 |a 364 p 
942 |c BK 
945 |d 19960614 00:00:00  |a cmena 
260 |a Bilbao  |b Urmo  |c 1971 
650 7 |a CONSTRUCCION DE ACERO  |2 CL-VaPUC  |9 363978 
650 0 |a Aceros  |9 260685 
650 0 |a Metales   |9 260686 
650 0 |a Elementos estructurales  |9 350100 
650 0 |a Edificios   |9 260501 
650 7 |a ENSAYOS DINAMICOS  |2 CL-VaPUC  |9 361282 
650 7 |a ESFUERZO MECANICO  |2 CL-VaPUC  |9 363903 
583 |a last modification  |c 19960614 00:00:00  |k Rodrigo Vera 
999 |c 249053  |d 249051 
952 |0 0  |1 0  |4 0  |6 624_182000000000000_PAR_1971  |7 0  |8 A  |9 266066  |a BIBING  |b BIBING  |d 2019-11-19  |i 1686399  |o 624.182 PAR 1971  |p 1686399  |r 2025-01-20  |w 2019-11-19  |y BK  |k CCL